00303nam a2200121Ia 4500008004100000041000800041082001200049100002600061245002200087260002900109300003000138365001300168240624s9999 xx 000 0 und d aeng a302 SAN aSANDERSON CATHERINE A aSOCIAL PSYCHOLOGY c2011aDelhibWiley India axl, : 590 : p, : cm. ; 25 cRSb33.5